<?xml version="1.0" encoding="UTF-8"?><?xml-stylesheet type="text/xsl" href="static/style.xsl"?><OAI-PMH xmlns="http://www.openarchives.org/OAI/2.0/" xmlns:xsi="http://www.w3.org/2001/XMLSchema-instance" xsi:schemaLocation="http://www.openarchives.org/OAI/2.0/ http://www.openarchives.org/OAI/2.0/OAI-PMH.xsd"><responseDate>2026-04-27T21:34:50Z</responseDate><request verb="GetRecord" identifier="oai:uvadoc.uva.es:10324/5529" metadataPrefix="marc">https://uvadoc.uva.es/oai/request</request><GetRecord><record><header><identifier>oai:uvadoc.uva.es:10324/5529</identifier><datestamp>2021-12-09T10:50:09Z</datestamp><setSpec>com_10324_38</setSpec><setSpec>col_10324_852</setSpec></header><metadata><record xmlns="http://www.loc.gov/MARC21/slim" xmlns:doc="http://www.lyncode.com/xoai" xmlns:xsi="http://www.w3.org/2001/XMLSchema-instance" xmlns:dcterms="http://purl.org/dc/terms/" xsi:schemaLocation="http://www.loc.gov/MARC21/slim http://www.loc.gov/standards/marcxml/schema/MARC21slim.xsd">
<leader>00925njm 22002777a 4500</leader>
<datafield tag="042" ind1=" " ind2=" ">
<subfield code="a">dc</subfield>
</datafield>
<datafield tag="720" ind1=" " ind2=" ">
<subfield code="a">Arranz Mondelo, María Leonor</subfield>
<subfield code="e">author</subfield>
</datafield>
<datafield tag="260" ind1=" " ind2=" ">
<subfield code="c">2014</subfield>
</datafield>
<datafield tag="520" ind1=" " ind2=" ">
<subfield code="a">Las relaciones laborales en el mundo globalizado han experimentado cambios trascendentales producidos, en gran medida, por las Tecnologías de la Información y las Comunicaciones que configuran nuevas realidades. Protección de datos, libertad informática y autodeterminación informativa se analizan, en un contexto de deconstrucción social, como afirmación de la ciudadanía laboral emergente. Defenderse de una sociedad panóptica, protegiendo nuestra intimidad, será el primer paso para reparar todos los derechos fundamentales conculcados, inherentes a la persona, que no deberían perderse por los llamados pactos keynesianos ni por el contrato de trabajo (permanecen los derechos laborales inespecíficos) ni por cualquier otro pacto social que destruya el fundamento mismo del Estado Constitucional. Las libertades de expresión e información, más allá de la letra de la Carta Magna, no tienen su límite en el derecho a la intimidad sino que prevalecen, en interpretación del Tribunal Constitucional Español, como principios estructuradores del Estado Democrático.</subfield>
</datafield>
<datafield tag="024" ind2=" " ind1="8">
<subfield code="a">http://uvadoc.uva.es/handle/10324/5529</subfield>
</datafield>
<datafield ind1=" " ind2=" " tag="653">
<subfield code="a">Protección de la información (Informática) - Derecho - Jurisprudencia</subfield>
</datafield>
<datafield ind1=" " ind2=" " tag="653">
<subfield code="a">Derecho a la vida privada - Legislación</subfield>
</datafield>
<datafield tag="245" ind1="0" ind2="0">
<subfield code="a">Libertad informática e intimidad en internet: derechos y libertades de la emergente ciudadaní@laboral en una sociedad panóptica</subfield>
</datafield>
</record></metadata></record></GetRecord></OAI-PMH>